|
|
แสดงรายละเอียดบรรณานุกรม |
|
|
Brief Record
: Get Marc (ISO 2709)
: E-mail record
: |
|
|
| LEADER 00000nama 2200000uu 4500 | |||
| 008 040531s|||| th m m a000 0 tha d | |||
| 020 9744714652 | |||
| 041 tha | |||
| 050 นว ฟ221ม 2542 | |||
| 100 ฟังฟัง. | |||
| 245 เมฆเหินน้ำไหล/ฟังฟัง. | |||
| 250 พิมพ์ครั้งที่ 7. | |||
| 260 กรุงเทพฯ. นานมีบุ๊คส์. 2542. | |||
| 300 192 หน้า. | |||
| 600 I.เทพรัตนราชสุดาฯสยามบรมราชกุมารี,สมเด็จพระ,2498-,ผู้แปล. | |||
| 650 1.วรรณกรรมจีน. | |||
| 995 003 | |||
| คุณยังไม่ได้ล็อกอิน คุณสามารถมีกิจกรรมร่วมกับเว็บไซต์ได้ แต่ต้องล็อกอินก่อน :: |
|
| สถานะ | |||||||||
| 1. | หนังสือทั่วไป | นว ฟ221ม 2542 | On Shelf ขอยืม | ||||||
| 2. | หนังสือทั่วไป | นว ฟ221ม 2542 | On Shelf ขอยืม | ||||||
| 3. | หนังสือทั่วไป | นว ฟ221ม 2542 | On Shelf ขอยืม | ||||||
| [แสดง 3/3 รายการ] | |||||||||
BibComment |
| คอมเมนท์ทรัพยากรรายการนี้ |
|
|